[Event "WINTER -2009"]
[Site "SchemingMind.com"]
[Date "2009.11.22"]
[Round "-"]
[White "capablanca"]
[Black "MOIMOI"]
[Result "1-0"]
[WhiteCountry "GER"]
[BlackCountry "POL"]
[WhiteElo "1616"]
[WhiteRD "52"]
[BlackElo "1575"]
[BlackRD "53"]
[GameID "227847"]

1. e4 d6 2. d4 g6 3. Nc3 e6 4. Nf3 Bg7 5. Bc4 Nd7 6. Bf4 Ne7 7. Qd2 Nf6 8. O-O-O a6 9. e5 Nh5 10. exd6 cxd6
11. Bh6 O-O 12. Bxg7 Nxg7 13. h4 b5 14. Bb3 f6 15. h5 g5 16. g4 Bd7 17. Rde1 h6 18. Ne4 Bc6 19. Nh2 f5 20. Ng3 Bxh1
21. Nxh1 f4 22. f3 d5 23. Nf2 a5 24. c3 Qc7 25. Nd3 Nc6 26. Nc5 Rfe8 27. Nf1 Re7 28. Qd3 e5 29. Bxd5+ Kh8 30. Qxb5 Nd8
31. Nd2 Rb8 32. Qd3 Qb6 33. Na4 Qc7 34. dxe5 Rxe5 35. Rxe5 Qxe5 36. Nc5 Nde6 37. Nd7 Qe1+ 38. Kc2 Rd8 39. Nf6 Nf8 40. Qe4 Qxe4+
41. Bxe4 Nge6 42. b3 Nc5 43. b4 axb4 44. cxb4 Nxe4 45. Nfxe4 Ne6 46. a4 Rc8+ 47. Kb3 Nd4+ 48. Kb2 Rc2+ 49. Kb1 Rc7 50. Nc5 Nc6
51. b5 Na5 52. Nde4 Nc4 53. Ka2 Kg8 54. Kb3 Nd2+ 55. Nxd2 Rxc5 56. b6 Rd5 57. Kc3 Kf8 58. Ne4 Ke8 59. Nf6+
1-0

[Event "WINTER -2009"]
[Site "SchemingMind.com"]
[Date "2009.11.22"]
[Round "-"]
[White "MOIMOI"]
[Black "capablanca"]
[Result "1/2-1/2"]
[WhiteCountry "POL"]
[BlackCountry "GER"]
[WhiteElo "1604"]
[WhiteRD "57"]
[BlackElo "1643"]
[BlackRD "57"]
[GameID "227848"]

1. e4 c5 2. Bc4 g6 3. Nf3 Bg7 4. Ng5 e6 5. d3 Nc6 6. c3 d5 7. exd5 exd5 8. Bb5 Bd7 9. Qf3 Nf6 10. Qe3+ Qe7
11. Bxc6 Bxc6 12. Qxe7+ Kxe7 13. O-O Rhe8 14. f4 h6 15. Nf3 Kf8 16. d4 Ne4 17. Nbd2 Nxd2 18. Bxd2 Re2 19. Rae1 Rae8 20. Rxe2 Rxe2
21. Rf2 Rxf2 22. Kxf2 c4 23. Ne5=
1/2-1/2

[Event "WINTER -2009"]
[Site "SchemingMind.com"]
[Date "2009.11.22"]
[Round "-"]
[White "memet"]
[Black "capablanca"]
[Result "0-1"]
[WhiteCountry "TUR"]
[BlackCountry "GER"]
[WhiteElo "1624"]
[WhiteRD "78"]
[BlackElo "1616"]
[BlackRD "52"]
[GameID "227887"]

1. e4 c5 2. Nf3 g6 3. c3 Bg7 4. d4 cxd4 5. cxd4 d6 6. Bb5+ Bd7 7. Qa4 Qb6 8. Bxd7+ Nxd7 9. Nc3 Nf6 10. O-O O-O
11. Rb1 Qc7 12. Bf4 Nh5 13. Be3 Nb6 14. Qb3 Rac8 15. g4 Nf6 16. e5 Nxg4 17. Rbc1 Nxe3 18. fxe3 dxe5 19. Qd1 exd4 20. Nxd4 Bh6
21. Qf3 Qe5 22. Rce1 Nc4 23. Qxb7 Nxe3 24. Nf3 Qc5 25. Ne4 Qc6 26. Qxe7 Nxf1 27. Kxf1 Qb5+ 28. Kg2 Qxb2+ 29. Kh3 Bg7 30. Nd6 Rc3
31. Re3 Rxe3 32. Qxe3 Qxa2 33. Ng5 Bh6 34. Qe7 Bxg5 35. Qxg5 Qa3+ 36. Qg3 Qxg3+ 37. hxg3 a5 38. Kg2 a4 39. Kf2 a3 40. Nb5 a2
0-1

[Event "WINTER -2009"]
[Site "SchemingMind.com"]
[Date "2009.11.23"]
[Round "-"]
[White "memet"]
[Black "MOIMOI"]
[Result "0-1"]
[WhiteCountry "TUR"]
[BlackCountry "POL"]
[WhiteElo "1560"]
[WhiteRD "67"]
[BlackElo "1568"]
[BlackRD "51"]
[GameID "227888"]

1. e4 d6 2. d4 g6 3. Nf3 Bg7 4. Bb5+ c6 5. Ba4 Bg4 6. O-O Nf6 7. Re1 O-O 8. c4 e6 9. Bc2 Nbd7 10. Nc3 h6
11. Qd3 e5 12. Bd2 Bxf3 13. Qxf3 exd4 14. Ne2 Qb6 15. b3 Ne5 16. Qh3 Nh5 17. Ng3 d3 18. Bd1 Qd4 19. Rc1 Qb2 20. Bc3 d2
21. Bxb2 dxe1=Q+ 22. Nf1 Qa5 23. Bxh5 gxh5 24. f4 Nd3 25. Bxg7 Nxc1 26. Bxf8 Qb6+ 27. Kh1 Ne2 28. Ne3 Kxf8 29. g4 Qd4 30. Qf3 Qa1+
31. Kg2 Qxa2 32. Kf1 Nd4 33. Qd1 c5 34. b4 a5 35. Qe1 axb4 36. Nf5 Nxf5 37. gxf5 Qa1 38. e5 Qxe1+ 39. Kxe1 b3 40. Kd2 Ra2+
41. Ke3 dxe5 42. fxe5 b2
0-1

[Event "WINTER -2009"]
[Site "SchemingMind.com"]
[Date "2009.11.23"]
[Round "-"]
[White "capablanca"]
[Black "memet"]
[Result "0-1"]
[WhiteCountry "GER"]
[BlackCountry "TUR"]
[WhiteElo "1616"]
[WhiteRD "52"]
[BlackElo "1624"]
[BlackRD "78"]
[GameID "227889"]

1. c4 Nf6 2. Nc3 c5 3. g3 d5 4. cxd5 Nxd5 5. Bg2 Nxc3 6. bxc3 Qb6 7. Qb3 Qf6 8. Bxb7 Bxb7 9. Qxb7 Qc6 10. Qxc6+ Nxc6
11. Nf3 e5 12. d3 Bd6 13. Rb1 O-O 14. O-O f5 15. Rd1 h5 16. Bd2 Rab8 17. Ng5 f4 18. Rb7 Rxb7
0-1

[Event "WINTER -2009"]
[Site "SchemingMind.com"]
[Date "2009.11.23"]
[Round "-"]
[White "MOIMOI"]
[Black "memet"]
[Result "1-0"]
[WhiteCountry "POL"]
[BlackCountry "TUR"]
[WhiteElo "1599"]
[WhiteRD "54"]
[BlackElo "1506"]
[BlackRD "70"]
[GameID "227890"]

1. Nf3 d5 2. g3 Nc6 3. d4 Bf5 4. Bg2 Nb4 5. Na3 Qd6 6. c3 Nc6 7. Nb5 Qd7 8. Bf4 Rc8 9. Na3 a6 10. Nc2 f6
11. h4 e6 12. O-O h6 13. Ne3 Bh7 14. Ng4 Bd6 15. Re1 Be4 16. Nd2 Bxg2 17. Kxg2 e5 18. dxe5 fxe5 19. Bxh6 Qxg4 20. Bg5 Nf6
21. f3 Qe6 22. e3 Kd7 23. b4 Rcf8 24. a4 Ne7 25. f4 Qg4 26. Nf3 Nf5 27. Nxe5+ Bxe5 28. Qxg4 Nxg4 29. fxe5 Ke6 30. Bf4 c5
31. bxc5 Nxe5 32. e4 Nxh4+ 33. gxh4 Rxf4 34. exd5+ Kxd5 35. Rab1 Rhxh4 36. Rbd1+ Ke6 37. Rd6+ Kf5 38. Rd5 Re4 39. Rf1+ Kg4 40. Rd4 Rxd4
41. cxd4 Nc4 42. Rf7 Ne3+ 43. Kf2 Nf5 44. Rxb7 Rh2+ 45. Ke1 g5 46. d5 Kf3 47. Rb3+ Ke4 48. d6 Nd4 49. d7 Rh8 50. Rb6 Kd5
51. Rd6+ Kxc5 52. d8=Q Rxd8 53. Rxd8 Nb3 54. Rg8 Kb4 55. Rxg5 Kxa4 56. Kd1 Ka3 57. Kc2 Nd4+ 58. Kc3 Nb5+ 59. Kc2 Nd4+ 60. Kc3 Nb5+
61. Kc2 Nd4+ 62. Kc3 Nb5+ 63. Kc4 Nd6+ 64. Kd5 Nb5 65. Kc6 Ka4 66. Kb6 Na3 67. Kxa6 Kb3 68. Kb6 Ka2 69. Rg3 Nc4+ 70. Kb5 Nb2
71. Kb4 Nd1 72. Rg2+ Kb1 73. Kb3 Kc1 74. Rc2+ Kb1 75. Ra2 Nc3 76. Rb2+
1-0

[Event "WINTER -2009"]
[Site "SchemingMind.com"]
[Date "2009.11.25"]
[Round "-"]
[White "XTC"]
[Black "capablanca"]
[Result "1-0"]
[WhiteCountry "COL"]
[BlackCountry "GER"]
[WhiteElo "1739"]
[WhiteRD "49"]
[BlackElo "1616"]
[BlackRD "52"]
[GameID "228121"]

1. e4 c5 2. Nf3 g6 3. c3 Bg7 4. d4 cxd4 5. cxd4 d6 6. Nc3 Nf6 7. Be2 O-O 8. O-O b6 9. h3 e6 10. Bg5 Qd7
11. Bb5 Qb7 12. Re1 a6 13. Ba4 b5 14. Bc2 Nbd7 15. b4 Nb6 16. Bd3 Bd7 17. Rc1 Rac8 18. Bf4 d5 19. e5 Ne8 20. Ng5 Nc4
21. Qg4 h5 22. Qg3 Bh6 23. Nxf7 Bxf4 24. Qxg6+
1-0

[Event "WINTER -2009"]
[Site "SchemingMind.com"]
[Date "2009.11.25"]
[Round "-"]
[White "XTC"]
[Black "MOIMOI"]
[Result "1-0"]
[WhiteCountry "COL"]
[BlackCountry "POL"]
[WhiteElo "1739"]
[WhiteRD "49"]
[BlackElo "1575"]
[BlackRD "53"]
[GameID "228122"]

1. e4 d6 2. d4 e6 3. Nf3 g6 4. Nc3 Bg7 5. Bc4 Nf6 6. Bg5 Nbd7 7. O-O h6 8. Bxf6 Bxf6 9. Re1 b6 10. Bb5 a6
11. Bxd7+ Bxd7 12. d5 e5 13. h3 Qe7 14. Ne2 g5 15. Nh2 h5 16. c4 g4 17. hxg4 hxg4 18. Nc3 O-O-O 19. Nxg4 Rdg8 20. Ne3 Bh3
21. Qa4 a5 22. g3 Bh4 23. Qc6 Kd8 24. Nb5 Bxg3 25. fxg3 Rxg3+ 26. Kf2 Rhg8 27. Ke2 Bd7 28. Qxc7+ Ke8 29. Nxd6+ Kf8 30. Qb8+ Kg7
31. Ndf5+ Bxf5 32. Nxf5+ Kf6 33. Qxb6+
1-0

[Event "WINTER -2009"]
[Site "SchemingMind.com"]
[Date "2009.11.25"]
[Round "-"]
[White "XTC"]
[Black "memet"]
[Result "1-0"]
[WhiteCountry "COL"]
[BlackCountry "TUR"]
[WhiteElo "1818"]
[WhiteRD "48"]
[BlackElo "1560"]
[BlackRD "67"]
[GameID "228123"]

1. e4 e5 2. Nf3 Nc6 3. Bc4 Nf6 4. Ng5 d5 5. exd5 Na5 6. d3 h6 7. Nf3 Bg4 8. O-O Bc5 9. a3 Nxc4 10. dxc4 Nh5
11. h3 Bd7 12. Nxe5 Qf6 13. Qxh5 Rd8 14. Qe2 O-O 15. Nxd7 Rxd7 16. Qg4 Re7 17. Bd2 Kh7 18. Bc3 Qg6 19. Qxg6+ Kxg6 20. b4 Bd6
21. c5 Be5 22. Re1 Bxc3 23. Nxc3 Rd7 24. Rad1 Rfd8 25. b5 Kf5 26. c6 bxc6 27. bxc6 Rd6 28. Re7 f6 29. Rxc7 g5 30. Rxa7 h5
31. c7 Rc8 32. Nb5 Rb6 33. c4 Ke4 34. d6 Ke5 35. d7
1-0

[Event "WINTER -2009"]
[Site "SchemingMind.com"]
[Date "2009.11.25"]
[Round "-"]
[White "capablanca"]
[Black "XTC"]
[Result "1-0"]
[WhiteCountry "GER"]
[BlackCountry "COL"]
[WhiteElo "1616"]
[WhiteRD "52"]
[BlackElo "1739"]
[BlackRD "49"]
[GameID "228124"]

1. d4 Nf6 2. c4 e6 3. Nc3 Bb4 4. Qc2 d5 5. Bg5 h6 6. Bh4 c5 7. dxc5 Bxc5 8. cxd5 exd5 9. e3 O-O 10. Nf3 Bb4
11. Bd3 Qd6 12. O-O Bg4 13. Nd4 a6 14. a3 Bxc3 15. Qxc3 Nbd7 16. h3 Bh5 17. Nf5 Qe6 18. Nd4 Qb6 19. Nf5 Qe6 20. Bg3 Rac8
21. Qb4 b5 22. Ne7+ Kh8 23. Bf5 Rc4 24. Bxe6 Rxb4 25. axb4 fxe6 26. Rxa6 Rd8 27. Rfa1 Re8 28. Ra8 Rxa8 29. Rxa8+ Kh7 30. Ra5 Be2
31. Nc6
1-0

[Event "WINTER -2009"]
[Site "SchemingMind.com"]
[Date "2009.11.25"]
[Round "-"]
[White "MOIMOI"]
[Black "XTC"]
[Result "1/2-1/2"]
[WhiteCountry "POL"]
[BlackCountry "COL"]
[WhiteElo "1568"]
[WhiteRD "51"]
[BlackElo "1818"]
[BlackRD "48"]
[GameID "228125"]

1. Nf3 Nf6 2. g3 d5 3. d4 e6 4. b3 Be7 5. Bg2 h6 6. h4 Nc6 7. O-O O-O 8. Bf4 Bd6 9. Ne5 Bxe5 10. dxe5 Ng4
11. Bh3 Ngxe5 12. Bxe5 Nxe5 13. Nd2 c5 14. Nf3 Nxf3+ 15. exf3 b5 16. f4 f5 17. Bg2 Bb7 18. c4 bxc4 19. bxc4 Ba6 20. Re1 Bxc4
21. Rxe6 Qd7 22. Re5 Rad8 23. Qh5 Rde8 24. Rae1 Rxe5 25. fxe5 Bxa2 26. e6 Qe7 27. Re5 d4 28. Rxf5 Rxf5 29. Qxf5 Bxe6 30. Qe5 Qd7
31. Qxc5 d3 32. Bf3 d2 33. Qc2 a5 34. Bd1 a4 35. Qxa4 Qxa4 36. Bxa4 Bg4 37. Kg2 Kf7 38. f3 Bd7 39. Bd1 g5 40. hxg5 hxg5
41. Kf2 Bb5 42. Ke3 Kf6 43. Kxd2 Kf5 44. Bc2+ Ke5 45. Bd3 Ba4 46. Ke3 Bc6 47. f4+ gxf4+ 48. gxf4+ Kf6=
1/2-1/2

[Event "WINTER -2009"]
[Site "SchemingMind.com"]
[Date "2009.11.25"]
[Round "-"]
[White "memet"]
[Black "XTC"]
[Result "1-0"]
[WhiteCountry "TUR"]
[BlackCountry "COL"]
[WhiteElo "1624"]
[WhiteRD "78"]
[BlackElo "1739"]
[BlackRD "49"]
[GameID "228126"]

1. e4 e5 2. Nf3 Nc6 3. Bc4 Bc5 4. c3 Nf6 5. O-O d6 6. Ng5 d5 7. exd5 Nxd5 8. Nxf7 Kxf7 9. Qf3+ Ke6 10. d4 Be7
11. Bf4 Nxd4 12. cxd4 exf4 13. Nc3 c6 14. Rfe1+
1-0

[Event "WINTER -2009"]
[Site "SchemingMind.com"]
[Date "2009.11.27"]
[Round "-"]
[White "crespov"]
[Black "capablanca"]
[Result "1/2-1/2"]
[WhiteCountry "CHI"]
[BlackCountry "GER"]
[WhiteElo "1688"]
[WhiteRD "77"]
[BlackElo "1597"]
[BlackRD "55"]
[GameID "228186"]

1. c4 c5 2. Nc3 Nc6 3. g3 g6 4. Bg2 Bg7 5. d3 d6 6. e4 Nd4 7. Nge2 e5 8. O-O Ne7 9. a3 Nec6 10. Rb1 a6
11. f4 Bd7 12. b4 Nxe2+ 13. Nxe2 Bg4 14. h3 Bxe2 15. Qxe2 Nd4 16. Qe1 O-O 17. Be3 b5 18. Kh2 bxc4 19. dxc4 Rb8 20. Qd2 f5
21. Bxd4 exd4 22. exf5 Rxf5 23. Bd5+ Kh8 24. Rfe1 Rf8 25. Re6 Re8 26. Kg2 Rxe6 27. Bxe6 Qf6 28. Bd5 Re8 29. Re1 Rxe1 30. Qxe1 Bf8
31. Kf3 Qe7 32. Qxe7 Bxe7 33. Ke4 Kg7 34. g4 Bd8 35. g5 h6 36. h4 hxg5 37. hxg5 cxb4 38. axb4 Bb6 39. Bb7 a5 40. bxa5 Bxa5
41. Kxd4 Bd2 42. Ke4 Bb4= 43. Bc8 Bd2 44. Kf3 Kf7 45. Kg4 Be3 46. f5 gxf5+ 47. Kxf5 Kg7 48. Be6 Bc5 49. Bd7 Bb4 50. Be8 Bc5
51. g6 Bb4 52. Bf7 Bc5 53. Ke4 Bb4 54. Kd5 Bc5 55. Kc6 Bb4 56. Kb5 Bc5 57. Ka4 Bd4 58. Kb5=
1/2-1/2

[Event "WINTER -2009"]
[Site "SchemingMind.com"]
[Date "2009.11.28"]
[Round "-"]
[White "crespov"]
[Black "XTC"]
[Result "0-1"]
[WhiteCountry "CHI"]
[BlackCountry "COL"]
[WhiteElo "1688"]
[WhiteRD "77"]
[BlackElo "1818"]
[BlackRD "48"]
[GameID "228187"]

1. e4 e5 2. Nf3 Nc6 3. Bc4 Bc5 4. b4 Bxb4 5. c3 Bc5 6. d4 exd4 7. cxd4 Bb6 8. Nc3 Na5 9. Bd3 c6 10. e5 d6
11. Bf4 Bg4 12. exd6 Bxd4 13. Qe2+ Kf8 14. Rc1 Qd7 15. O-O Re8 16. Qd1 Nf6 17. Be2 Bxc3 18. Rxc3 Nd5 19. Ne5 Nxc3 20. Nxd7+ Bxd7
21. Qd2 Nxe2+ 22. Kh1 Nc4 23. Qb4 Nxf4 24. Qxc4 Nd5 25. h3 h5 26. Qc5 b6 27. Qa3 a5 28. Kh2 Rh6 29. Rd1 Ree6 30. g3 Re2
31. Qf3 Rxa2 32. h4 Bg4 33. d7 Rd6 34. Rxd5 cxd5 35. Qf4 Rxd7 36. Qb8+ Ke7 37. Qe5+ Be6 38. Qg5+ Kd6 39. Qf4+ Kc6 40. Qb8 Rxf2+
41. Kg1 Ra2 42. Qc8+ Rc7 43. Qe8+ Kb7 44. Qb5 Rc1+ 45. Qf1 Bh3 46. Qxc1 Rg2+ 47. Kh1 f6 48. Qe3 Rc2 49. Qe7+ Rc7 50. Qd6 Rd7
51. Qa3 d4 52. Qf3+ Ka7 53. Qxh5 d3 54. Qd1 d2 55. g4 Bxg4 56. Qxg4 d1=Q+ 57. Qxd1 Rxd1+ 58. Kg2 a4 59. h5 a3 60. h6 gxh6
61. Kf2 a2 62. Kf3 a1=Q 63. Ke4 Qe5+ 64. Kf3 Rd2 65. Kg4 Qe4+ 66. Kg3 Rg2+
0-1

[Event "WINTER -2009"]
[Site "SchemingMind.com"]
[Date "2009.11.28"]
[Round "-"]
[White "crespov"]
[Black "MOIMOI"]
[Result "1-0"]
[WhiteCountry "CHI"]
[BlackCountry "POL"]
[WhiteElo "1688"]
[WhiteRD "77"]
[BlackElo "1568"]
[BlackRD "51"]
[GameID "228188"]

1. c4 e6 2. Nc3 g6 3. g3 Bg7 4. Bg2 c6 5. d4 d5 6. cxd5 cxd5 7. e3 Nf6 8. Nge2 O-O 9. O-O Bd7 10. b3 Nc6
11. Ba3 Re8 12. Nb5 Bf8 13. Bb2 e5 14. dxe5 Nxe5 15. Nbc3 Bc6 16. Nf4 d4 17. exd4 Bxg2 18. Kxg2 Neg4 19. h3 Nh6 20. Na4 g5
21. Nh5 Nxh5 22. Qxh5 Qd5+ 23. Kh2 Rac8 24. Nc5 b6 25. Nd3 Rc2 26. Rac1 Rxc1 27. Rxc1 Qf5 28. Rd1 Re4 29. Rd2 Bg7 30. Ne5 Re1
31. Qf3 Qb1 32. Ba3 f6 33. Qa8+
1-0

[Event "WINTER -2009"]
[Site "SchemingMind.com"]
[Date "2009.11.28"]
[Round "-"]
[White "crespov"]
[Black "memet"]
[Result "1-0"]
[WhiteCountry "CHI"]
[BlackCountry "TUR"]
[WhiteElo "1725"]
[WhiteRD "81"]
[BlackElo "1624"]
[BlackRD "78"]
[GameID "228189"]

1. c4 Nf6 2. Nc3 c5 3. g3 d5 4. cxd5 Nxd5 5. Bg2 e6 6. e4 Nxc3 7. bxc3 Be7 8. Ne2 Nc6 9. Bb2 O-O 10. O-O Bd7
11. d4 cxd4 12. cxd4 Qb6 13. Rb1 Qc7 14. Re1 Rad8 15. Rc1 Qa5 16. Qb3 Nb4 17. a3 Na6 18. Nf4 Ba4 19. Qxb7 Bg5 20. Bf1 Rb8
21. Qxa6 Qxa6 22. Bxa6 Rxb2 23. Rc3 Bxf4 24. gxf4 Rd8 25. Rc8 Rb8 26. Rxb8 Rxb8 27. Bc4 Rb2 28. d5 exd5 29. Bxd5 Bb3 30. Re3 Bxd5
31. exd5 Rd2 32. Re8#
1-0

[Event "WINTER -2009"]
[Site "SchemingMind.com"]
[Date "2009.11.27"]
[Round "-"]
[White "capablanca"]
[Black "crespov"]
[Result "1/2-1/2"]
[WhiteCountry "GER"]
[BlackCountry "CHI"]
[WhiteElo "1607"]
[WhiteRD "58"]
[BlackElo "1670"]
[BlackRD "80"]
[GameID "228190"]

1. e4 c5 2. Nf3 Nc6 3. d4 cxd4 4. Nxd4 e5 5. Nb3 Nf6 6. Nc3 Be7 7. Bc4 O-O 8. O-O d6 9. Re1 a6 10. f3 b5
11. Bd3 Be6 12. Be3 Rc8 13. a3 Nd7 14. Nd5 f5 15. Nxe7+ Nxe7 16. exf5 Bxf5 17. Bg5 h6 18. Bxf5 hxg5 19. Be6+ Kh8 20. f4 Rf6
21. Bxd7 Qxd7 22. fxe5 Rh6 23. exd6 Nf5 24. Qg4 g6 25. Nd4 Rh4 26. Qxg5 Rxd4 27. Qxg6 Rg8 28. Qh5+ Qh7 29. Qxh7+ Kxh7 30. Rad1 Rxd6
31. Rxd6 Nxd6 32. Re6 Nc4 33. Rxa6 Nxb2 34. Rb6 Rg5 35. g3 Nc4 36. Ra6 Rd5 37. c3 Rd1+ 38. Kf2 Rd3 39. a4 bxa4 40. Rxa4 Rxc3
41. Ra6= Rc2+ 42. Kf3 Rxh2 43. g4 Nd2+ 44. Kg3 Rh1 45. Ra2 Ne4+ 46. Kf3 Ng5+ 47. Kg2 Rb1 48. Ra6 Rb3 49. Rc6 Nf7 50. Ra6 Kg7
51. Re6 Nd8 52. Rd6 Nf7 53. Ra6 Ng5 54. Rc6 Kf7 55. Rc5 Kf6 56. Rf5+ Kg6 57. Ra5 Ne4 58. Re5 Rg3+ 59. Kf1 Rxg4 60. Ke2 Nf6
61. Kf3 Rb4 62. Ra5 Nd7 63. Rd5 Nf8 64. Ra5 Ne6 65. Re5 Nd4+ 66. Kf2 Rb3 67. Ra5 Nf5 68. Ke2 Kg5 69. Kd2 Kf4 70. Ra4+ Ke5
71. Kc2 Rh3 72. Ra5+ Ke4 73. Ra4+ Nd4+ 74. Kd2 Rd3+ 75. Ke1 Ke3 76. Ra2 Rb3 77. Kf1 Kf3 78. Rf2+ Kg3 79. Rg2+ Kh3 80. Rg8= Rb2
81. Ke1 Nf5 82. Kd1 Ng3 83. Kc1 Rf2 84. Kd1 Kg2 85. Rg7 Ra2 86. Kc1 Kf3 87. Rf7+ Ke3 88. Re7+ Ne4 89. Kb1 Rh2 90. Re8 Kd4
91. Rd8+ Kc4 92. Rc8+ Nc5 93. Kc1 Kb4 94. Rb8+ Kc3 95. Kd1 Nb3 96. Rc8+ Kd3 97. Rd8+ Nd4 98. Ke1 Ke4 99. Re8+ Kd3 100. Rd8 Kc3=
1/2-1/2

[Event "WINTER -2009"]
[Site "SchemingMind.com"]
[Date "2009.11.27"]
[Round "-"]
[White "XTC"]
[Black "crespov"]
[Result "0-1"]
[WhiteCountry "COL"]
[BlackCountry "CHI"]
[WhiteElo "1739"]
[WhiteRD "49"]
[BlackElo "1725"]
[BlackRD "81"]
[GameID "228191"]

1. e4 e5 2. Nf3 Nc6 3. Bc4 h6 4. d4 exd4 5. Nxd4 Nf6 6. Nc3 Bc5 7. Nxc6 bxc6 8. h3 O-O 9. O-O Re8 10. Re1 d6
11. a3 Nd7 12. Qf3 Ne5 13. Qe2 Nxc4 14. Qxc4 Qf6 15. Be3 Be6 16. Qd3 Bxe3 17. Rxe3 Rab8 18. b4 Red8 19. Qa6 d5 20. Qxc6 d4
21. Rf3 Qe5 22. Nd5 Bxd5 23. exd5 Rxd5 24. c3 Rb6 25. Qa8+ Kh7 26. Rxf7 dxc3 27. Re7 Qd6 28. Rae1 c2 29. Qf8 Qg6 30. Rxc7 Rd1
0-1

[Event "WINTER -2009"]
[Site "SchemingMind.com"]
[Date "2009.11.27"]
[Round "-"]
[White "MOIMOI"]
[Black "crespov"]
[Result "1-0"]
[WhiteCountry "POL"]
[BlackCountry "CHI"]
[WhiteElo "1568"]
[WhiteRD "51"]
[BlackElo "1688"]
[BlackRD "77"]
[GameID "228192"]

1. Nf3 Nf6 2. g3 d5 3. b3 Nc6 4. Bg2 h5 5. h4 e5 6. d3 Bg4 7. Bb2 d4 8. Bc1 Nd5 9. O-O Qd7 10. Bd2 O-O-O
11. c4 dxc3 12. Nxc3 Be7 13. Ng5 Rhf8 14. Nxd5 Bxg5 15. Bxg5 f6 16. Be3 Bh3 17. Bxh3 Qxh3 18. Nc3 f5 19. Bg5 Rd4 20. e3 f4
21. Qf3 Rxd3 22. Ne4 Rf5 23. Qg2 Qxg2+ 24. Kxg2 Rf8 25. Nc5 Rd2 26. Ne6 Rf7 27. gxf4 exf4 28. Nxf4 Ne5 29. Nxh5 b6 30. e4 Rc2
31. Nf4 Ng4 32. Kg3 Ne5 33. Nd5 Rf3+ 34. Kg2 c6 35. Ne7+ Kb7 36. Nf5 Rcc3 37. Nxg7 Ng6 38. Ne6 Rh3 39. f3 Rxh4 40. Bxh4 Nxh4+
41. Kg3 Ng6 42. Nd4 Rd3 43. Rad1 Rc3 44. Ne6 Ne5 45. Kf4 Nd3+ 46. Rxd3 Rxd3 47. Rg1 Rd6 48. Rg6 Rd2 49. a4 Rb2 50. Rg7+ Kb8
51. e5 Rxb3 52. Nd4 Rb1 53. e6 Re1 54. e7 Kc8 55. Nxc6 Kd7 56. Rg8 Rxe7 57. Nxe7 Kxe7 58. Rg7+ Kd6 59. Rxa7 Kc5 60. Ke4 b5
61. axb5 Kxb5 62. Rc7 Kb4 63. f4 Kb5 64. f5 Kb6 65. Rc1 Kb5 66. Kd5 Kb4 67. f6 Kb3 68. f7 Kb2 69. Rc8 Kb3 70. f8=Q Kb2
71. Qb4+
1-0

[Event "WINTER -2009"]
[Site "SchemingMind.com"]
[Date "2009.11.27"]
[Round "-"]
[White "memet"]
[Black "crespov"]
[Result "0-1"]
[WhiteCountry "TUR"]
[BlackCountry "CHI"]
[WhiteElo "1624"]
[WhiteRD "78"]
[BlackElo "1725"]
[BlackRD "81"]
[GameID "228193"]

1. e4 e5 2. Nf3 Nc6 3. c3 Nf6 4. d3 d5 5. Bg5 Be7 6. Be2 O-O 7. O-O d4 8. Nh4 b6 9. f4 h6 10. Bxf6 Bxf6
11. Nf5 Bxf5 12. exf5 Rc8 13. Bf3 Ne7 14. fxe5 Bxe5 15. cxd4 Bxd4+ 16. Kh1 Bxb2 17. Nd2 Bxa1 18. Qxa1 Qxd3 19. Ne4 Nxf5 20. Rd1 Qc4
21. Nc3 Nh4 22. Be2 Qc6 23. Rd5 Rcd8 24. Bf3 Nxf3 25. Rxd8 Rxd8 26. gxf3 Qxf3+ 27. Kg1 Rd6 28. Qe1 Rg6+
0-1

[Event "WINTER -2009"]
[Site "SchemingMind.com"]
[Date "2009.11.26"]
[Round "-"]
[White "Clive Everill"]
[Black "capablanca"]
[Result "0-1"]
[WhiteCountry "CZE"]
[BlackCountry "GER"]
[WhiteElo "1672"]
[WhiteRD "49"]
[BlackElo "1616"]
[BlackRD "52"]
[GameID "228328"]

1. e4 c5 2. Nf3 g6 3. c4 Bg7 4. d4 cxd4 5. Nxd4 Nc6 6. Be3 d6 7. Nc3 Nf6 8. f3 a6 9. Be2 O-O 10. Qd2 Bd7
11. O-O Rc8 12. Nb3 Ne5 13. c5 dxc5 14. Nxc5 Bc6 15. Qc2 Qc7 16. Rad1 Rfd8 17. Rxd8+ Rxd8 18. Rd1 Rxd1+ 19. Qxd1 Ned7 20. Nxd7 Qxd7
21. Qb3 b5 22. Nd1 Ne8 23. Nf2 Nd6 24. g3 Nb7 25. f4 Bd4 26. Bg4 Qd8 27. e5 Nc5 28. Qa3 b4 29. Qxb4 Bxe3 30. Qe1 Qd4
31. h4 Nd3 32. Qa5 Bxf2+ 33. Kh2 Bg1+ 34. Kh3 Nf2#
0-1

[Event "WINTER -2009"]
[Site "SchemingMind.com"]
[Date "2009.11.26"]
[Round "-"]
[White "Clive Everill"]
[Black "XTC"]
[Result "1/2-1/2"]
[WhiteCountry "CZE"]
[BlackCountry "COL"]
[WhiteElo "1709"]
[WhiteRD "47"]
[BlackElo "1818"]
[BlackRD "48"]
[GameID "228329"]

1. e4 e5 2. Nc3 Nf6 3. f4 d5 4. fxe5 Nxe4 5. Qf3 f5 6. exf6 Nxf6 7. d4 Bb4 8. Bd2 O-O 9. Qd3 Qe8+ 10. Be2 Bg4
11. Nf3 Bxc3 12. Bxc3 Nc6 13. O-O-O Ne4 14. Be1 Bf5 15. Qe3 Qg6 16. Nh4 Qd6 17. Nxf5 Rxf5 18. g4 Rff8 19. h4 Rae8 20. Qb3 Nf2
21. Bxf2 Rxf2 22. Bb5 Re4 23. Qc3 Qf4+ 24. Kb1 Qxg4 25. Bxc6 bxc6 26. Qxc6 Rxd4 27. Rxd4 Qxd4 28. Qxc7 h6 29. h5 Kh7 30. Qg3 Qe4
31. Rc1 Qf5 32. a3 a5 33. Qe3 Rh2 34. Qc5 a4 35. Qa5 Rh4 36. Rd1 Rh2 37. Qxa4 Qxh5 38. Qd4 Qg6 39. Rc1 Qf5 40. a4 Rf2
41. a5 Rf4 42. Qb6 Rf1 43. Rxf1 Qxf1+ 44. Ka2 Qc4+ 45. Qb3 Qc6 46. Qd3+ g6 47. a6 h5 48. a7 Qa4+ 49. Qa3 Qc4+ 50. Qb3 Qa6+
51. Qa3 Qc4+ 52. b3 Qxc2+ 53. Qb2 Qc6 54. Qf2 Qa6+ 55. Kb2 Kg8 56. Qd4 Kh7 57. Qc5 Qf6+ 58. Kc2 Qf5+ 59. Kc3 Qe4 60. b4 Qe1+
61. Kb3 Qd1+ 62. Kc3 Qa1+ 63. Kd3 Qd1+=
1/2-1/2

[Event "WINTER -2009"]
[Site "SchemingMind.com"]
[Date "2009.11.27"]
[Round "-"]
[White "Clive Everill"]
[Black "crespov"]
[Result "1-0"]
[WhiteCountry "CZE"]
[BlackCountry "CHI"]
[WhiteElo "1709"]
[WhiteRD "47"]
[BlackElo "1688"]
[BlackRD "77"]
[GameID "228330"]

1. e4 c5 2. Nf3 Nc6 3. Bb5 d6 4. c3 Bd7 5. d4 cxd4 6. cxd4 Nf6 7. Nc3 e6 8. O-O Be7 9. Bf4 O-O 10. d5 Nb4
11. Bxd7 Qxd7 12. dxe6 fxe6 13. a3 Nc6 14. Nb5 e5 15. Bg5 Nxe4 16. Qd5+ Kh8 17. Qxe4 Rxf3 18. Bxe7 Nxe7 19. Qxf3 Qxb5 20. b4 Nc6
21. Rfd1 Nd4 22. Qe4 Rf8 23. Rd3 Qb6 24. Rh3 h6 25. Rf1 Ne6 26. Rf3 Rg8 27. h4 Nf4 28. g3 Nh5 29. Qg6 Nf6 30. Rxf6 gxf6
31. Qxh6#
1-0

[Event "WINTER -2009"]
[Site "SchemingMind.com"]
[Date "2009.11.26"]
[Round "-"]
[White "Clive Everill"]
[Black "MOIMOI"]
[Result "1-0"]
[WhiteCountry "CZE"]
[BlackCountry "POL"]
[WhiteElo "1672"]
[WhiteRD "49"]
[BlackElo "1575"]
[BlackRD "53"]
[GameID "228331"]

1. e4 e5 2. Nc3 Nf6 3. f4 Nc6 4. fxe5 Nxe5 5. d4 Ng6 6. e5 Ng8 7. Bc4 Bb4 8. Nf3 h6 9. Bd2 d6 10. exd6 cxd6
11. O-O Bg4 12. Bxf7+ Kxf7 13. Ne5+ Ke6 14. Qxg4+ Ke7 15. Nxg6+
1-0

[Event "WINTER -2009"]
[Site "SchemingMind.com"]
[Date "2009.11.26"]
[Round "-"]
[White "Clive Everill"]
[Black "memet"]
[Result "0-1"]
[WhiteCountry "CZE"]
[BlackCountry "TUR"]
[WhiteElo "1709"]
[WhiteRD "47"]
[BlackElo "1560"]
[BlackRD "67"]
[GameID "228332"]

1. e4 d5 2. e5 f6 3. exf6 Nxf6 4. Be2 e5 5. Nf3 Nc6 6. b3 Bd6 7. Bb2 O-O 8. O-O Bf5 9. Nc3 Nb4 10. d3 c5
11. Nb5 e4 12. dxe4 Bxe4 13. Nxd6 Qxd6 14. Be5 Qc6 15. Bd3 Rae8 16. a4 Bxf3 17. Qxf3 Rxe5 18. Bb5 Qd6 19. Qd1 a6 20. Be2 Rfe8
21. Bf3 Ne4 22. Qc1 Ng5 23. Bg4 Qg6 24. f4 Nxc2 25. fxe5 Nxa1 26. Qxa1 Qe4 27. Bf5 Qe3+ 28. Kh1 Qxe5 29. Qb1 Rf8 30. Bg4 Rxf1+
31. Qxf1 Qb2 32. h4 Qd4 33. hxg5 Qxg4 34. Qe1 h6 35. gxh6 Qh5+ 36. Kg1 Qxh6 37. Qe8+ Kh7 38. Qc8 Qe3+ 39. Kh2 Qxb3 40. Qxc5 Qc4
41. Qb6 Qc6 42. Qb3 b5 43. axb5 axb5 44. Qd3+ Kg8 45. Qg3 d4 46. Qb8+ Kh7 47. Qg3 Qh6+ 48. Kg1 Qe3+ 49. Qxe3 dxe3 50. Kf1 Kg6
51. Ke2 Kg5 52. Kxe3 Kg4 53. Kd3 Kg3 54. Kc3 Kxg2 55. Kb4 g5 56. Kxb5 Kf2
0-1